Gares du Maine et Loire - Statistiques

Statistiques générales
  • Ce quiz a été pris 116 fois
  • Le résultat moyen est 9 sur 21
Statistiques - réponses
Nombre de voyageurs Gares % Correct
6 781 537 Angers Saint Laud
100%
44 330 Angers Maitre Ecole
97%
669 711 Cholet
91%
904 742 Saumur rive droite
90%
143 293 La Possonnière
58%
72 114 Trélazé
56%
184 247 Chemillé
51%
38 421 Savennières - Béhuard
44%
165 402 La Ménitré
39%
177 974 Chalonnes sur Loire
35%
116 837 Tiercé
35%
26 194 La Bohalle
32%
87 205 Saint Mathurin
32%
73 278 Les Rosiers sur Loire
31%
42 859 Etriché - Châteauneuf
27%
38 275 Morannes
26%
56 730 Torfou
26%
10 506 Montreuil Bellay
21%
68 877 Champtocé sur Loire
19%
96 386 Ingrandes sur Loire
18%
25 140 Le Vieux Briollay
14%
Aucun quiz correspondant
Distribution des résultats
% des personnes avec chaque résultat
Percentile par nombre de réponses
Votre historique - résultats
Vous n’avez pas pris ce quiz